Statistics for Navigation map of USA

Click here to take the quiz!

General Stats

  • This quiz has been taken 8 times
  • The average score is 4 of 10

Answer Stats

StartDirectionsEnd Destination% Correct
Olympia1041 miles E then 463 miles WHelena
86%
Montgomery512 miles N then 1000 miles WDenver
57%
Concord1129 miles W then 1155 miles SWPhoenix
43%
Springfield382 miles SE then 1013 miles NWCheyenne
43%
Frankfort4424 miles SWHonolulu
43%
Little Rock773 miles W then 2031 miles NWJuneau
43%
Lansing208 miles SEColumbus
43%
Topeka981 miles SE then 790 miles NEProvidence
29%
Dover2448 miles WSacramento
29%
Hartford82 miles NWAlbany
29%

Score Distribution

Percentile by Number Answered

Percent of People with Each Score

Your Score History

You have not taken this quiz